00440nam a2200181 a 4500001001300000003000900013005001700022008004100039020001000080082001500090100001600105245002100121260003100142300000900173500003500182650002500217700001600242nice12345678IN_TiNIC20260116011415.0070704s0000 teha grp 000 0 per  ac10000a297.5bWAI aWaiz, Ahmed aIkhlaq-E-muhsuni aTehranbNo Publisherc0000 a329p aincludes index and biblioraphy aIslam-Moral Theology1 aWaiz, Ahmed